Formel 1 Podium 2014 - Statistiken

Allgemein
  • Dieses Quiz wurde 460 mal gespielt
  • Das Durchschnittsergebnis liegt bei 8 aus 10
Antwortstatistiken
Antwort % Korrekt
Sebastian Vettel
100%
Lewis Hamilton
99%
Nico Rosberg
97%
Fernando Alonso
91%
Daniel Ricciardo
90%
Felipe Massa
83%
Valtteri Bottas
77%
Sergio Perez
71%
Jenson Button
68%
Kevin Magnussen
59%
Keine übereinstimmenden Quizze gefunden
Verteilung der Resultate
Anzahl Personen mit jedem Resultat
Perzentil nach korrekt beantworteten Fragen
Ihre Resultats-Entwicklung
Sie haben dieses Quiz noch nicht gespielt